[Event "146 Stay Safe Play From Home series"]
[Site "T#646011Emanuel Laske"]
[Date "2020.05.13"]
[Round "2"]
[White "Trotsky"]
[Black "Greblah"]
[Result "1-0"]
[WhiteElo "1550"]
[BlackElo "1929"]
[PlyCount "51"]
[EventDate "2020.05.13"]
[EventType "swiss (blitz)"]

1. d4 {[%emt 0:00:01]} c6 {[%emt 0:00:00]} 2. e3 {[%emt 0:00:00]} d5 {[%emt 0:00:00]} 3. c4 {[%emt 0:00:01]} g6 {[%emt 0:00:01]} 4. Nc3 {[%emt 0:00:01]} Bg7 {[%emt 0:00:01]} 5. c5 {[%emt 0:00:02]} Nf6 {[%emt 0:00:01]} 6. Qc2 {[%emt 0:00:01]} O-O {[%emt 0:00:01]} 7. Bd3 {[%emt 0:00:01]} Nbd7 {[%emt 0:00:02]} 8. Nf3 {[%emt 0:00:01]} Re8 {[%emt 0:00:01]} 9. Bd2 {[%emt 0:00:01]} e5 {[%emt 0:00:01]} 10. Ng5 {[%emt 0:00:01]} e4 {[%emt 0:00:01]} 11. Be2 {[%emt 0:00:01]} h6 {[%emt 0:00:02]} 12. h4 {[%emt 0:00:01]} b6 {[%emt 0:00:03]} 13. O-O-O {[%emt 0:00:02]} bxc5 {[%emt 0:00:02]} 14. f3 {[%emt 0:00:01]} cxd4 {[%emt 0:00:01]} 15. exd4 {[%emt 0:00:01]} exf3 {[%emt 0:00:01]} 16. Bd3 {[%emt 0:00:02]} Ne4 {[%emt 0:00:03]} 17. Ncxe4 {[%emt 0:00:01]} dxe4 {[%emt 0:00:01]} 18. Bxe4 {[%emt 0:00:01]} Nf6 {[%emt 0:00:01]} 19. Bxg6 {[%emt 0:00:01]} fxg6 {[%emt 0:00:01]} 20. Qxg6 {[%emt 0:00:01]} hxg5 {[%emt 0:00:04]} 21. hxg5 {[%emt 0:00:01]} fxg2 {[%emt 0:00:04]} 22. gxf6 {[%emt 0:00:09]} Qxf6 {[%emt 0:00:02]} 23. Qxg2 {[%emt 0:00:01]} Qxd4 {[%emt 0:00:02]} 24. Bc3 {[%emt 0:00:01]} Qf4+ {[%emt 0:00:01]} 25. Rd2 {[%emt 0:00:05]} Bf5 {[%emt 0:00:01]} 26. Qxg7# {[%emt 0:00:03] (Lag: Av=0.29s, max=1.0s)} 1-0

[Event "146 Stay Safe Play From Home series"]
[Site "T#646011Emanuel Laske"]
[Date "2020.05.13"]
[Round "2"]
[White "Tobo Rubirosa"]
[Black "Fischer_11"]
[Result "1-0"]
[WhiteElo "1475"]
[BlackElo "1986"]
[PlyCount "73"]
[EventDate "2020.05.13"]
[EventType "swiss (blitz)"]

1. Nf3 {[%emt 0:00:02]} Nf6 {[%emt 0:00:01]} 2. d4 {[%emt 0:00:01]} e6 {[%emt 0:00:00]} 3. g3 {[%emt 0:00:02]} d5 {[%emt 0:00:00]} 4. Bg2 {[%emt 0:00:01]} c5 {[%emt 0:00:00]} 5. O-O {[%emt 0:00:01]} Nc6 {[%emt 0:00:01]} 6. c4 {[%emt 0:00:01]} Nxd4 {[%emt 0:00:02]} 7. Nxd4 {[%emt 0:00:02]} cxd4 {[%emt 0:00:00]} 8. Qxd4 {[%emt 0:00:01]} dxc4 {[%emt 0:00:01]} 9. Qxc4 {[%emt 0:00:01]} Bd7 {[%emt 0:00:01]} 10. Nc3 {[%emt 0:00:01]} Rc8 {[%emt 0:00:02]} 11. Qb3 {[%emt 0:00:02]} a6 {[%emt 0:00:01]} 12. Qxb7 {[%emt 0:00:02]} Qc7 {[%emt 0:00:02]} 13. Qxc7 {[%emt 0:00:01]} Rxc7 {[%emt 0:00:00]} 14. Bf4 {[%emt 0:00:01]} Rb7 {[%emt 0:00:02]} 15. b3 {[%emt 0:00:02]} Rb4 {[%emt 0:00:03]} 16. Rac1 {[%emt 0:00:02]} Be7 {[%emt 0:00:02]} 17. Rfd1 {[%emt 0:00:01]} O-O {[%emt 0:00:03]} 18. Bg5 {[%emt 0:00:01]} Bc8 {[%emt 0:00:02]} 19. Bd2 {[%emt 0:00:06]} Rb8 {[%emt 0:00:03]} 20. Na4 {[%emt 0:00:02]} Bb4 {[%emt 0:00:03]} 21. Bxb4 {[%emt 0:00:02]} Rxb4 {[%emt 0:00:00]} 22. Nc5 {[%emt 0:00:01]} Rb5 {[%emt 0:00:02]} 23. Nd3 {[%emt 0:00:03]} Bb7 {[%emt 0:00:02]} 24. Bxb7 {[%emt 0:00:02]} Rxb7 {[%emt 0:00:00]} 25. Nc5 {[%emt 0:00:01]} Rb6 {[%emt 0:00:02]} 26. Nd7 {[%emt 0:00:01]} Nxd7 {[%emt 0:00:03]} 27. Rxd7 {[%emt 0:00:00]} a5 {[%emt 0:00:04]} 28. Rcc7 {[%emt 0:00:01]} a4 {[%emt 0:00:00]} 29. bxa4 {[%emt 0:00:02]} Rb2 {[%emt 0:00:02]} 30. Ra7 {[%emt 0:00:00]} Rxe2 {[%emt 0:00:01]} 31. Kg2 {[%emt 0:00:01]} Rxa2 {[%emt 0:00:01]} 32. a5 {[%emt 0:00:01]} e5 {[%emt 0:00:00]} 33. a6 {[%emt 0:00:00]} e4 {[%emt 0:00:00]} 34. Re7 {[%emt 0:00:01]} f5 {[%emt 0:00:02]} 35. Rxg7+ {[%emt 0:00:02]} Kh8 {[%emt 0:00:01]} 36. Rxh7+ {[%emt 0:00:00]} Kg8 {[%emt 0:00:01]} 37. Rag7# {[%emt 0:00:00] (Lag: Av=0.52s, max=1.3s)} 1-0

[Event "146 Stay Safe Play From Home series"]
[Site "T#646011Emanuel Laske"]
[Date "2020.05.13"]
[Round "3"]
[White "Mepe_Nika"]
[Black "SoulofWolf"]
[Result "1-0"]
[WhiteElo "2274"]
[BlackElo "2084"]
[Annotator "TA"]
[PlyCount "59"]
[EventDate "2020.05.13"]
[EventType "swiss (blitz)"]

{[%evp 9,58,75,79,75,87,25,74,53,77,63,174,126,160,127,162,78,103,88,163,154,147,145,141,102,191,191,563,271,276,207,335,133,449,337,315,6,20,34,44,-89,-64,-94,45,39,29986,29983,29983,29983,29997,29998,29999]} 1. d4 e6 2. e4 c5 3. d5 exd5 4. exd5 d6 5. c4 Be7 6. Nc3 {[#] A43: Schmid Benoni.} Bf6 $146 ({Predecessor:} 6... Nf6 7. Bd3 O-O 8. Nge2 Nbd7 9. f4 Re8 10. O-O Nf8 11. Qc2 a6 12. Ng3 Bd7 13. a4 b5 14. axb5 axb5 15. Rxa8 Qxa8 16. cxb5 Nxd5 17. Bc4 Nxc3 18. Qxc3 {0-1 (40) Carvajal Pena,D (1894)-Hernandez Alvarez,T (2071) San Jose 2020}) 7. Nf3 ({White should play} 7. Bd3 $16) 7... Ne7 8. Bd3 {White is better.} O-O 9. Qc2 Bg4 ({Better is} 9... h6 $14) 10. Bxh7+ $18 Kh8 {[#] White must now prevent ...Bxf3.} 11. Bd3 Nd7 12. Be3 (12. h4 $18 {is more deadly.}) 12... Bxf3 13. gxf3 Ne5 (13... a6 $16) 14. Be2 a6 15. f4 N5g6 16. h4 Nxh4 (16... b5 $16 {was necessary.}) 17. Ne4 Neg6 $2 (17... Nef5 18. Bg4 Nh6) 18. O-O-O (18. f5 $142) 18... Kg8 19. Ng5 Ng2 (19... Bxg5 $142 20. fxg5 Re8) 20. Bd3 $2 (20. Rdg1 $18 Bxg5 21. Rxg2) 20... Nxe3 $4 {[%mdl 8192]} (20... N2xf4 $16 21. Bxg6 Nxg6) 21. fxe3 {White wants to mate with Rh8+!} Bxg5 22. Bxg6 $2 (22. fxg5 $18 Qxg5 23. Qh2 Qxe3+ 24. Kb1) 22... fxg6 $11 23. fxg5 Qxg5 24. Kb1 (24. Qh2 $14 {is the one way to stay ahead.} Qe5 25. Qxe5 dxe5 26. Rhg1) 24... Qf5 25. e4 Qf6 (25... Qf4 $17) 26. Qh2 $14 {aiming for Qh7+.} Qg5 $2 {[%mdl 8192] [#]} (26... Qe5 $14) 27. Qh7+ {White mates.} Kf7 28. Rdf1+ Ke7 29. Qxg7+ Kd8 30. Rxf8# {Accuracy: White = 39%, Black = 22%.} 1-0

[Event "146 Stay Safe Play From Home series"]
[Site "T#646011Emanuel Laske"]
[Date "2020.05.13"]
[Round "3"]
[White "Lamborghini"]
[Black "Little champs"]
[Result "1-0"]
[WhiteElo "2272"]
[BlackElo "2143"]
[Annotator "TA"]
[PlyCount "93"]
[EventDate "2020.05.13"]
[EventType "swiss (blitz)"]

{[%evp 10,93,39,17,26,17,27,18,19,-14,10,12,8,0,12,0,24,-2,-13,-13,28,10,10,14,19,0,0,0,10,0,35,9,14,5,36,31,37,31,31,32,38,33,41,40,75,58,83,67,162,121,843,797,661,655,1428,1424,1574,1493,2182,2081,5273,5273,29982,29983,29983,29984,29986,29984,29984,29984,29984,29984,29988,29989,29989,29990,29990,29991,29991,29992,29992,29992,29993,29994,29994,29995]} 1. e4 c6 2. d4 d5 3. Nc3 dxe4 4. Nxe4 Nf6 5. Nxf6+ exf6 6. Bc4 Bf5 {B15: Caro-Kann: 3 Nc3: 3...g6 and 3...dxe4 4 Nxe4 Nf6 5 Nxf6+ exf6.} 7. Qe2+ {[#]} Be7 $146 ({Predecessor:} 7... Qe7 8. Qxe7+ Bxe7 9. c3 Nd7 10. Bf4 Be6 11. Bxe6 fxe6 12. Nf3 Kf7 13. O-O Rhe8 14. Rfe1 Nf8 15. h3 Rad8 16. Re2 Ng6 17. Bg3 h5 18. Rae1 Bd6 {½-½ (18) Pirisi,G (2260)-Eperjesi,L (2255) Budapest 2003}) 8. Nf3 O-O {The position is equal.} 9. h3 Bg6 10. O-O Nd7 11. Bf4 Nb6 12. Bb3 Bd6 13. Qd2 Bxf4 14. Qxf4 Qb8 (14... a5 {is interesting.} 15. a4 Nd5 16. Qd2 Be4 17. Nh4 h6) 15. Qxb8 (15. Qg4 {keeps more tension.} a5 16. a4 Nd5 17. Nh4 Re8 18. Rfe1) 15... Raxb8 16. Rfe1 Rfe8 17. c3 Kf8 18. Nd2 Rbd8 19. f3 h6 20. Kf2 Rxe1 21. Rxe1 Re8 22. Rxe8+ Kxe8 23. Nc4 Nxc4 24. Bxc4 $14 {[%mdl 4096] Endgame KB-KB} Ke7 25. Ke3 Bf5 26. Bd3 Bxd3 27. Kxd3 {KP-KP} Kd6 28. c4 c5 ({Black should play} 28... Ke6 $14) 29. dxc5+ $18 Ke5 $2 {[%mdl 8192] [#] Loses the game.} (29... Kxc5 $16 30. g4 a5) 30. Kc3 Ke6 31. b4 a6 32. Kd4 g6 33. f4 g5 34. g3 h5 35. h4 gxh4 36. gxh4 {White mates.} Kf5 37. b5 Ke6 38. a4 a5 39. Ke4 f5+ 40. Ke3 f6 41. Kd4 Kd7 42. Kd5 Ke7 43. c6 b6 44. c5 bxc5 45. Kxc5 Ke6 46. b6 {[%cal Bb5b6,Bb6b7][%mdl 32]} Ke7 47. b7 {Accuracy: White = 91%, Black = 56%.} 1-0

[Event "146 Stay Safe Play From Home series"]
[Site "T#646011Emanuel Laske"]
[Date "2020.05.13"]
[Round "3"]
[White "Rohit2007"]
[Black "Tobo Rubirosa"]
[Result "1-0"]
[WhiteElo "2272"]
[BlackElo "1507"]
[Annotator "TA"]
[PlyCount "57"]
[EventDate "2020.05.13"]
[EventType "swiss (blitz)"]

{[%evp 23,56,12,102,120,88,-50,-47,-60,-10,-25,0,-179,-172,-188,31,46,87,38,44,40,141,132,227,197,798,844,784,628,620,588,766,742,1705,29981,29999]} 1. e4 c5 2. Nf3 d6 3. d4 cxd4 4. Nxd4 Nf6 5. Nc3 a6 6. Bg5 e6 7. f4 Nc6 8. Nxc6 bxc6 9. e5 h6 10. Bh4 g5 11. fxg5 Nd5 12. Nxd5 cxd5 (12... exd5 $11 13. Qh5 Qb6) 13. Qh5 $1 $16 {Threatens to win with g6. B96: Sicilian Najdorf: 6 Bg5 e6 7 f4, lines other than 7...Qb6 and 7...Be7.} Qb6 {[#]} 14. O-O-O {[#]} (14. Bd3 $1 $16 Qe3+ 15. Be2) 14... Bg7 $146 ({Predecessor:} 14... Qe3+ 15. Rd2 Qxe5 16. Re2 Qf4+ 17. Kb1 Bg7 18. Rf2 hxg5 19. Qxh8+ Bxh8 20. Rxf4 gxf4 {0-1 (46) Navarro Martin,C-Martos de la Vega,A (1858) Mostoles 2008}) 15. Bg3 {With the idea g6.Black is slightly better.} Rb8 16. b3 hxg5 ({Reject} 16... Bxe5 $6 17. g6 $16) 17. Qg4 $2 (17. Qe2 $11 {and White is okay.}) 17... dxe5 $19 18. Kb1 {[#]} e4 $2 (18... Qd8 $1 $19 {...f5 is the strong threat.} 19. Qe2 Qf6) 19. Qxg5 $14 Rg8 20. Bxb8 Qxb8 21. h4 Qd6 (21... f5 $14 22. Rh3 Qe5) 22. h5 $16 ({Don't do} 22. c3 $6 Qe5 $14) 22... Qa3 {[#]} (22... Kf8 $16 {was worth a try.}) 23. c3 $1 $18 {Black must now prevent h6.} Bxc3 $2 (23... Qe7 24. Qg3 Qf6) 24. Qxg8+ Ke7 {[#]} 25. Rd2 $1 Bxd2 {[%csl Gd2][%cal Ra3c1]} 26. Qxc8 {aiming for h6.} d4 {intending ...Bc3.} 27. Qc7+ Kf8 28. h6 {[%cal Rc7d8]} Bc3 29. Qd8# {Accuracy: White = 64%, Black = 15%.} 1-0

[Event "146 Stay Safe Play From Home series"]
[Site "T#646011Emanuel Laske"]
[Date "2020.05.13"]
[Round "3"]
[White "Tolka"]
[Black "Weltszmerc"]
[Result "1-0"]
[WhiteElo "2211"]
[BlackElo "2148"]
[Annotator "TA"]
[PlyCount "131"]
[EventDate "2020.05.13"]
[EventType "swiss (blitz)"]

{[%evp 9,130,10,17,-3,5,-7,2,0,2,-28,15,21,24,15,22,16,25,7,58,22,78,39,37,12,37,8,36,26,28,25,29,22,29,29,31,15,18,19,19,4,24,0,26,23,24,6,17,4,5,5,27,13,29,25,35,49,52,35,31,38,14,6,6,12,45,-156,-133,-166,3808,2952,2314,2245,29987,29988,29988,29987,29987,29988,29992,29988,29988,29988,29988,29988,29988,29989,29989,29990,29990,29991,29991,29991,29992,29990,29990,29991,29991,29991,29992,29993,29996,29993,29993,29993,29994,29994,29995,29995,29995,29996,29996,29997,29997,29998,29999,29998,29998,29997,29997,29998,29998,29999,29999]} 1. Nf3 Nf6 2. d3 d5 3. Nbd2 c6 4. e4 Bg4 5. Be2 e6 6. c3 {B10: Caro-Kann: 2 d3 and 2 c4.} Be7 7. Qc2 dxe4 8. dxe4 {The position is equal.} Bh5 {[#]} 9. h3 $146 ({Predecessor:} 9. O-O Qc7 10. Re1 Bg6 11. g3 h6 12. Bd3 Nbd7 13. Nc4 e5 14. a4 O-O 15. Nh4 {1-0 (58) Mestrovic,T (2028)-Bockaj,I (1879) Krapina 2018}) 9... Bg6 (9... Qc7 {with more complications.} 10. O-O Nbd7 11. Nb3 O-O 12. Be3 Bg6) 10. Ne5 Nbd7 11. Nxg6 hxg6 12. Nf3 Qc7 13. O-O O-O (13... Bd6 $11) 14. Bg5 (14. g3 {seems wilder.} a5 15. Rd1 a4 16. Kg2 Rfd8 17. Be3) 14... e5 (14... Ne5 $11) 15. Bxf6 Bxf6 16. Rad1 Nc5 17. Bc4 Rfe8 18. b4 Ne6 19. Bxe6 Rxe6 20. Qb3 Rd8 21. Rxd8+ Qxd8 22. Rd1 Rd6 23. Rxd6 Qxd6 24. Qc2 b6 25. Qd2 Qxd2 (25... Qe6 {is interesting.} 26. Qb2 Qc4 27. Qc2 c5 28. bxc5 Qxc5 29. Qd3 Be7) 26. Nxd2 $11 {[%mdl 4096] Endgame KB-KN} Kf8 27. Nc4 Ke7 28. Kf1 Ke6 29. Ke2 Be7 30. Kd3 f5 31. f3 Bh4 32. a4 Bf2 33. Na3 a6 34. Ke2 Bg1 35. Nc4 b5 36. Nb2 Bb6 37. c4 $2 (37. a5 $14 {keeps the upper hand.} Bg1 38. Nd3) 37... Bd4 $17 38. axb5 Bxb2 $4 {[%mdl 8192]} (38... axb5 $19 39. Nd1 bxc4) 39. bxa6 {KB-KP} Bd4 40. c5 Bxc5 41. bxc5 {White mates.} fxe4 $18 {KP-KP} 42. a7 exf3+ 43. Kxf3 e4+ 44. Ke2 Kd5 45. a8=Q Kxc5 46. Qg8 Kd4 47. Qxg7+ {[%mdl 64] [#] Double Attack} Kd5 48. Qxg6 c5 49. Qg4 c4 50. Qg3 c3 51. Kd1 Kd4 52. Kc2 e3 53. Qf4+ Kd5 54. Qxe3 Kc4 55. Qxc3+ Kd5 56. h4 Ke4 57. h5 Kf4 {[#]} 58. g4 $1 {[%mdl 64] Promotion} Kxg4 59. h6 Kg5 60. h7 Kf4 61. h8=Q Ke4 62. Qhd4+ Kf5 63. Qcc5+ Kg6 64. Qdd6+ Kh7 65. Qcc7+ Kg8 66. Qdd8# {Accuracy: White = 77%, Black = 65%.} 1-0

[Event "146 Stay Safe Play From Home series"]
[Site "T#646011Emanuel Laske"]
[Date "2020.05.13"]
[Round "3"]
[White "Lazieri3"]
[Black "Onlyforchess"]
[Result "1/2-1/2"]
[WhiteElo "1996"]
[BlackElo "2577"]
[Annotator "TA"]
[PlyCount "132"]
[EventDate "2020.05.13"]
[EventType "swiss (blitz)"]

{[%evp 9,132,63,61,11,863,899,930,927,931,922,983,988,958,810,1048,912,912,882,914,914,947,914,952,952,923,900,935,796,1097,1084,1069,948,1137,987,966,0,923,819,807,815,806,402,412,365,379,303,425,411,411,297,347,259,342,170,167,164,114,128,120,144,270,270,247,22,28,-37,261,254,235,88,1171,1171,1171,1171,1259,1274,1874,1871,29991,29992,29993,1597,1571,1560,1579,1560,2437,2248,29971,29965,29965,29957,7172,6307,29969,29970,29974,29974,29976,29977,29979,29980,29980,29978,29978,29980,29980,29981,29982,29983,29983,29984,29984,29985,29985,29986,29986,29987,29987,29988,29988,29989,29989,0,0]} 1. e4 c5 2. Nc3 c4 3. d3 ({Predecessor:} 3. g3 Nc6 4. f4 Nd4 5. Bg2 {1-0 (5) Schoenbuchner,G (751)-Vielhuber,J (800) LSS email 2006}) 3... cxd3 4. cxd3 Nc6 5. Nf3 e6 6. Bg5 {B23: Closed Sicilian: Lines without g3.} (6. d4 $5 {[%cal Rd4d5]}) 6... d5 $2 {[%mdl 8192]} (6... Be7 $11 7. Bxe7 Ngxe7) 7. Bxd8 $18 d4 8. Bg5 {White is clearly winning.} dxc3 9. bxc3 Nf6 10. Bxf6 gxf6 11. Nd4 Nd8 12. Be2 Bd7 13. Bf3 Rc8 14. Qd2 Bg7 15. O-O O-O 16. Rab1 b6 17. c4 Nb7 18. Nb5 Rfd8 19. Nxa7 Ra8 20. Nb5 Nc5 21. Nc7 Rac8 22. Nb5 $2 (22. d4 $18) 22... Be8 $2 {[%mdl 8192]} (22... Ra8 $11 23. e5 Rab8 24. exf6 Bxf6) 23. Nc3 Rxd3 24. Qc2 f5 25. Na4 (25. Nb5 $142) 25... Bxa4 26. Qc1 fxe4 27. Be2 Rc3 (27... Rd6 {was called for.} 28. Bd1 Bd7) 28. Qf4 Nd7 29. Bd1 Bc6 30. Bb3 Nc5 31. Rbc1 (31. Qh4 $142) 31... Nd3 32. Qd2 Nxc1 33. Rxc1 Rxc1+ 34. Qxc1 Rd8 (34... b5 $16) 35. h3 h6 36. g3 $2 (36. Qf4 $18) 36... Rd3 $1 $11 37. c5 ({Better is} 37. Bc2 $11 Rc3 38. Qd2) 37... b5 $2 {[%mdl 8192]} (37... Bd4 $15 {keeps the upper hand.} 38. Kf1 (38. Qxh6 $2 Rxg3+ 39. Kh2 Rg6 $19) 38... Bb5) 38. Qf4 $18 {And now Qc7 would win.} e3 39. Qb8+ (39. fxe3 $18 {Qb8+ is the strong threat.} Rc3 40. Qd6 Rc1+ 41. Kf2) 39... Kh7 $2 {[%mdl 8192]} (39... Bf8 $16 40. fxe3 Rc3) 40. Bc2 $1 {[%csl LRd3,LRe3]} Be4 41. Bxd3 Bxd3 42. fxe3 Kg6 43. c6 Be4 44. c7 Be5 45. Qd8 (45. Qg8+ $142 Kf6 46. c8=Q Bd6 47. Qcd8+ {[%mdl 64] Double Attack} Ke5 48. Qg7+ f6 49. Qdxf6+ Kd5 50. Qb7+ {[%mdl 64] Double Attack} Kc5 51. Qd4#) 45... Bxc7 46. Qxc7 Bd5 47. Qc5 f5 48. Qxb5 Kf6 49. Qb4 Ke5 50. Qc3+ Kd6 51. Qd4 Kc6 52. Qxd5+ Kxd5 {[%mdl 4096] Endgame KP-KP} 53. Kf2 Kc5 54. Kf3 e5 55. g4 fxg4+ 56. hxg4 {K3P-KPP} Kd5 {[#]} 57. g5 $1 {[%mdl 512]} hxg5 {KPP-KPP} 58. Kg4 Ke4 {[#]} 59. a4 $1 Kxe3 {KPP-KP} 60. a5 e4 61. a6 Kf2 62. a7 e3 63. a8=Q e2 64. Qf3+ Ke1 65. Kxg5 Kd2 {[#]} 66. Qxe2+ $2 (66. Qf2 $1 {mates} Kd1 67. Qd4+ Kc2 68. Qe3 e1=N 69. Qxe1 Kb3 70. Qe4 Kb2 71. Qb4+ Ka2 72. Kf4) 66... Kxe2 {Accuracy: White = 53%, Black = 45%.} 1/2-1/2

[Event "146 Stay Safe Play From Home series"]
[Site "T#646011Emanuel Laske"]
[Date "2020.05.13"]
[Round "3"]
[White "Fischer_11"]
[Black "Edmatuag"]
[Result "0-1"]
[WhiteElo "1954"]
[BlackElo "1636"]
[PlyCount "96"]
[EventDate "2020.05.13"]
[EventType "swiss (blitz)"]

1. e4 {[%emt 0:00:01]} c5 {[%emt 0:00:01]} 2. c3 {[%emt 0:00:01]} d6 {[%emt 0:00:00]} 3. d4 {[%emt 0:00:01]} Nc6 {[%emt 0:00:01]} 4. dxc5 {[%emt 0:00:01]} dxc5 {[%emt 0:00:01]} 5. Qxd8+ {[%emt 0:00:00]} Nxd8 {[%emt 0:00:01]} 6. Be3 {[%emt 0:00:01]} b6 {[%emt 0:00:00]} 7. Bb5+ {[%emt 0:00:02]} Bd7 {[%emt 0:00:01]} 8. Bxd7+ {[%emt 0:00:01]} Kxd7 {[%emt 0:00:00]} 9. Na3 {[%emt 0:00:01]} Kc7 {[%emt 0:00:01]} 10. O-O-O {[%emt 0:00:00]} Kb7 {[%emt 0:00:01]} 11. f4 {[%emt 0:00:00]} e6 {[%emt 0:00:01]} 12. Nf3 {[%emt 0:00:00]} Be7 {[%emt 0:00:01]} 13. Ne5 {[%emt 0:00:00]} Nf6 {[%emt 0:00:04]} 14. Nd7 {[%emt 0:00:02]} Nxe4 {[%emt 0:00:02]} 15. Ne5 {[%emt 0:00:06]} f6 {[%emt 0:00:03]} 16. Rd7+ {[%emt 0:00:02]} Kc8 {[%emt 0:00:03]} 17. Rxe7 {[%emt 0:00:02]} fxe5 {[%emt 0:00:01]} 18. fxe5 {[%emt 0:00:02]} Nc6 {[%emt 0:00:01]} 19. Rxe6 {[%emt 0:00:02]} Kd7 {[%emt 0:00:05]} 20. Rxc6 {[%emt 0:00:08]} Kxc6 {[%emt 0:00:02]} 21. Re1 {[%emt 0:00:00]} h6 {[%emt 0:00:04]} 22. Bf4 {[%emt 0:00:01]} Ng5 {[%emt 0:00:01]} 23. e6 {[%emt 0:00:03]} Rae8 {[%emt 0:00:02]} 24. Bxg5 {[%emt 0:00:02]} hxg5 {[%emt 0:00:01]} 25. h3 {[%emt 0:00:00]} Kd6 {[%emt 0:00:02]} 26. Nb5+ {[%emt 0:00:02]} Ke7 {[%emt 0:00:02]} 27. Nxa7 {[%emt 0:00:04]} Kf6 {[%emt 0:00:01]} 28. Nc6 {[%emt 0:00:03]} Rxe6 {[%emt 0:00:01]} 29. Rxe6+ {[%emt 0:00:02]} Kxe6 {[%emt 0:00:00]} 30. Na7 {[%emt 0:00:02]} Kf5 {[%emt 0:00:01]} 31. Nb5 {[%emt 0:00:01]} Rh6 {[%emt 0:00:00]} 32. Nd6+ {[%emt 0:00:00]} Rxd6 {[%emt 0:00:02]} 33. Kc2 {[%emt 0:00:00]} Kf4 {[%emt 0:00:01]} 34. b3 {[%emt 0:00:01]} Kg3 {[%emt 0:00:00]} 35. a4 {[%emt 0:00:01]} Kxg2 {[%emt 0:00:00]} 36. b4 {[%emt 0:00:00]} Kxh3 {[%emt 0:00:00]} 37. bxc5 {[%emt 0:00:01]} bxc5 {[%emt 0:00:01]} 38. Kb3 {[%emt 0:00:00]} g4 {[%emt 0:00:01]} 39. Kc4 {[%emt 0:00:00]} g3 {[%emt 0:00:01]} 40. Kxc5 {[%emt 0:00:00]} Rh6 {[%emt 0:00:01]} 41. Kb5 {[%emt 0:00:02]} g2 {[%emt 0:00:00]} 42. c4 {[%emt 0:00:00]} g1=Q {[%emt 0:00:01]} 43. c5 {[%emt 0:00:00]} Rh5 {[%emt 0:00:01]} 44. a5 {[%emt 0:00:00]} Qxc5+ {[%emt 0:00:01]} 45. Ka6 {[%emt 0:00:00]} Qxa5+ {[%emt 0:00:01]} 46. Kb7 {[%emt 0:00:00]} Rc5 {[%emt 0:00:01]} 47. Kb8 {[%emt 0:00:02]} Qb4+ {[%emt 0:00:00]} 48. Ka7 {[%emt 0:00:01]} Ra5# {[%emt 0:00:00] (Lag: Av=0.37s, max=0.8s)} 0-1

[Event "146 Stay Safe Play From Home series"]
[Site "T#646011Emanuel Laske"]
[Date "2020.05.13"]
[Round "3"]
[White "Greblah"]
[Black "Haxhi Baha"]
[Result "1/2-1/2"]
[WhiteElo "1898"]
[BlackElo "1993"]
[PlyCount "105"]
[EventDate "2020.05.13"]
[EventType "swiss (blitz)"]

1. e4 {[%emt 0:00:01]} e6 {[%emt 0:00:01]} 2. Qe2 {[%emt 0:00:02]} d5 {[%emt 0:00:00]} 3. exd5 {[%emt 0:00:01]} Qxd5 {[%emt 0:00:00]} 4. Nc3 {[%emt 0:00:01]} Qd8 {[%emt 0:00:00]} 5. g3 {[%emt 0:00:00]} Nf6 {[%emt 0:00:01]} 6. Bg2 {[%emt 0:00:01]} c6 {[%emt 0:00:00]} 7. Nf3 {[%emt 0:00:01]} Nbd7 {[%emt 0:00:00]} 8. d4 {[%emt 0:00:01]} Bd6 {[%emt 0:00:02]} 9. Be3 {[%emt 0:00:01]} O-O {[%emt 0:00:00]} 10. O-O-O {[%emt 0:00:01]} b5 {[%emt 0:00:02]} 11. h4 {[%emt 0:00:01]} Bb7 {[%emt 0:00:01]} 12. Bg5 {[%emt 0:00:01]} Qb6 {[%emt 0:00:01]} 13. Bxf6 {[%emt 0:00:01]} Nxf6 {[%emt 0:00:01]} 14. Ne5 {[%emt 0:00:01]} a5 {[%emt 0:00:01]} 15. Ne4 {[%emt 0:00:03]} Nxe4 {[%emt 0:00:02]} 16. Bxe4 {[%emt 0:00:02]} a4 {[%emt 0:00:01]} 17. Qh5 {[%emt 0:00:01]} g6 {[%emt 0:00:01]} 18. Qh6 {[%emt 0:00:01]} Bxe5 {[%emt 0:00:01]} 19. dxe5 {[%emt 0:00:01]} a3 {[%emt 0:00:02]} 20. b3 {[%emt 0:00:03]} Qc5 {[%emt 0:00:02]} 21. h5 {[%emt 0:00:01]} Qxe5 {[%emt 0:00:01]} 22. hxg6 {[%emt 0:00:02]} Qb2+ {[%emt 0:00:04]} 23. Kd2 {[%emt 0:00:02]} Rad8+ {[%emt 0:00:02]} 24. Ke2 {[%emt 0:00:01]} Qg7 {[%emt 0:00:05]} 25. gxh7+ {[%emt 0:00:02]} Kh8 {[%emt 0:00:01]} 26. Qxg7+ {[%emt 0:00:01]} Kxg7 {[%emt 0:00:00]} 27. Rxd8 {[%emt 0:00:01]} Rxd8 {[%emt 0:00:02]} 28. c4 {[%emt 0:00:01]} f5 {[%emt 0:00:01]} 29. Bf3 {[%emt 0:00:02]} bxc4 {[%emt 0:00:05]} 30. bxc4 {[%emt 0:00:01]} Kh8 {[%emt 0:00:01]} 31. g4 {[%emt 0:00:03]} Ba6 {[%emt 0:00:03]} 32. gxf5 {[%emt 0:00:01]} Bxc4+ {[%emt 0:00:01]} 33. Ke3 {[%emt 0:00:00]} exf5 {[%emt 0:00:00]} 34. Rc1 {[%emt 0:00:03]} Bxa2 {[%emt 0:00:02]} 35. Rxc6 {[%emt 0:00:01]} Bb3 {[%emt 0:00:04]} 36. Ra6 {[%emt 0:00:01]} a2 {[%emt 0:00:01]} 37. Bh5 {[%emt 0:00:02]} Kxh7 {[%emt 0:00:01]} 38. Bg6+ {[%emt 0:00:02]} Kg7 {[%emt 0:00:01]} 39. Bxf5 {[%emt 0:00:00]} Rd1 {[%emt 0:00:01]} 40. Ra7+ {[%emt 0:00:00]} Kf6 {[%emt 0:00:02]} 41. Bg4 {[%emt 0:00:01]} a1=Q {[%emt 0:00:00]} 42. Rxa1 {[%emt 0:00:00]} Rxa1 {[%emt 0:00:00]} 43. Be2 {[%emt 0:00:00]} Ra2 {[%emt 0:00:02]} 44. Kf3 {[%emt 0:00:00]} Bd5+ {[%emt 0:00:01]} 45. Ke3 {[%emt 0:00:01]} Ke5 {[%emt 0:00:00]} 46. Bf3 {[%emt 0:00:00]} Bxf3 {[%emt 0:00:01]} 47. Kxf3 {[%emt 0:00:00]} Kf5 {[%emt 0:00:00]} 48. Kg3 {[%emt 0:00:00]} Ra3+ {[%emt 0:00:00]} 49. Kg2 {[%emt 0:00:00]} Rb3 {[%emt 0:00:00]} 50. f3 {[%emt 0:00:02]} Kf4 {[%emt 0:00:00]} 51. Kf2 {[%emt 0:00:00]} Rxf3+ {[%emt 0:00:00]} 52. Ke2 {[%emt 0:00:00]} Ra3 {[%emt 0:00:00]} 53. Kd2 {[%emt 0:00:00] Time ' (Lag: Av=0.95s, max=2.2s)} 1/2-1/2